[Event "FIDE World Cup"]
[Site "Tromsoe"]
[Date "2013.08.14"]
[Round "2.1"]
[White "Dominguez Perez, Leinier"]
[Black "Onischuk, Alexander"]
[Result "1-0"]
[WhiteElo "2757"]
[BlackElo "2667"]
[Annotator "Pavlovic,M"]
[PlyCount "75"]
[EventDate "2013.08.11"]
[EventType "k.o."]
[EventRounds "7"]
[EventCountry "NOR"]
[SourceTitle "CBM 156"]
[Source "ChessBase"]
[SourceDate "2013.09.17"]
[SourceVersion "1"]
[SourceVersionDate "2013.09.17"]
[SourceQuality "1"]

1. e4 e5 2. Nf3 Nc6 3. Bb5 a6 4. Ba4 Nf6 5. O-O Bc5 6. c3 b5 7. Bb3 (7. Bc2 d5
$5 {another Onischuk invention, but I am not sure that it's an equaliser
though.}) 7... d6 8. a4 Bg4 $5 {This move order is Onischuk's speciality.} (
8... Rb8 {this would take us back to the main line of the Modern Ruy Lopez and
the reader can see more about that in my article on that which will be
published in CBM 156.}) 9. axb5 axb5 10. Rxa8 Qxa8 11. h3 Bxf3 {They already
played one game and Onischuk went:} (11... Bh5 {and after:} 12. d3 O-O 13. Bg5
Nd7 14. g4 Bg6 15. Bd5 $5 (15. Nh4 Kh8 16. Bd5 h6 17. Bc1 Nf6 18. b4 Bb6 19.
Bb3 Ne7 $13 {1/2-1/2 (36) Dominguez Perez,L (2708)-Onischuk,A (2670) Biel SUI
2008}) 15... h6 (15... Qa6 16. b4 Ba7 17. Nbd2 h6 18. Qa1 Qb7 19. Nb3 Bb6 20.
Bh4 $14) 16. Bh4 $5 (16. b4 hxg5 17. bxc5 Nxc5 18. Nxg5 Qd8 19. Bxc6 Qxg5 20.
Bxb5 f5 (20... Ne6 $1 $15) 21. Bc4+ Kh7 22. exf5 Rxf5 23. h4 Qxh4 24. gxf5 Qg5+
25. Kh2 Qh4+ {1/2-1/2 (25) Sutovsky,E (2607)-Onischuk,A (2668) Montreal CAN
2006}) 16... Qb7 {(for 16...Qa6 see above comment)} 17. Qe2 $5 Ba7 18. Na3 Nb6
19. d4 $5 Nxd5 (19... exd4 20. Qxb5 $18) 20. exd5 Na5 21. dxe5 (21. Qxb5 Qxb5
22. Nxb5 Bb6 23. Re1 f6 24. dxe5 fxe5 25. Nd2 Be8 26. Na3 Bf7 27. b4 Nb7 28.
Nac4 Bxd5 29. Nxb6 cxb6 30. c4 Bc6 $11) 21... b4 22. Nb5 Bc5 23. exd6 cxd6 24.
c4 $14) (11... Bd7 12. d4 Bb6 13. Bg5 (13. Qd3 exd4 14. cxd4 Nb4 15. Qd2 Na2
16. Bxa2 Qxa2 17. Nc3 Qc4 18. e5 Nd5 19. Ne4 O-O 20. exd6 cxd6 21. Nxd6 Qc7 22.
Ne4 Re8 $44 23. Nc5 {1/2-1/2 (23) Efimenko,Z (2660)-Onischuk,A (2664) Dagomys
RUS 2008}) 13... Nxe4 14. Bd5 Nf6 15. dxe5 $5 (15. Bxf6 gxf6 16. dxe5 (16. Nfd2
$5 Qd8 17. Qf3 (17. Qh5 $5 O-O 18. Be4 f5 19. Bxf5 Bxf5 20. Qxf5 exd4 21. Nf3
Ne7 22. Qxb5 dxc3 23. Nxc3 c6 24. Qh5 f6 $14) 17... Ne7 18. Qxf6 O-O 19. Bb3
exd4 20. Re1 Nc6 21. Ne4 Ne5 22. cxd4 Bxd4 23. Bxf7+ Nxf7 24. Qxd4 Ne5 $13)
16... dxe5 17. Bxf7+ Ke7 18. Nh4 Qa4 19. Qh5 Qf4 20. Bd5 Be8 21. Qg4 Qxg4 22.
hxg4 Bd7 23. Nd2 Rd8 $13 {1/2-1/2 (39) Shirov,A (2739)-Onischuk,A (2674)
Khanty-Mansiysk RUS 2007}) 15... Nxd5 16. Qxd5 O-O 17. exd6 cxd6 18. Qxd6 Qb7
19. Re1 h6 20. Be3 $16) 12. Qxf3 Nb8 $5 {An interesting new attempt.} (12...
O-O 13. d3 Qa1 14. Qe2 Na5 15. Bc2 b4 16. d4 exd4 17. cxb4 Bxb4 18. e5 dxe5 19.
Bg5 Rb8 20. Bxf6 gxf6 21. Nc3 $18 {1-0 (30) Smirnov,P (2631)-Sakaev,K (2633)
Sochi RUS 2007}) 13. d3 O-O 14. Nd2 Nbd7 15. Qd1 Bb6 16. Nf3 Nc5 17. Bc2 Ne6
18. Ng5 Nxg5 (18... h6 19. Nf3 $36 (19. Nxe6 fxe6 $13)) 19. Bxg5 Qd8 20. Qf3 h6
21. Bd2 Qe7 22. Ra1 $14 Qe6 23. b4 Rd8 24. Ra3 Nd7 25. Bb3 Qf6 26. Qg3 Nf8 27.
Be3 Ne6 $6 (27... Bxe3 $1 28. fxe3 $5 (28. Qxe3 $14) 28... Ne6 29. Ra7 Qe7 30.
Kh2 $14 {White does have constant pressure despite the fact that Black has
managed to exchange a lot of pieces.}) 28. Bxb6 cxb6 29. Qe3 $16 Nf4 30. Ra7
Qg5 31. Qf3 Rc8 32. Bxf7+ Kh7 33. c4 $18 Qf6 34. Qg4 Rf8 35. Qf5+ Qxf5 36. exf5
Nxd3 37. Bg6+ Kg8 38. f6 1-0

[Event "RUS-chT 20th"]
[Site "Loo"]
[Date "2013.04.13"]
[Round "7"]
[White "Ivanchuk, Vassily"]
[Black "Kokarev, Dmitry"]
[Result "1-0"]
[WhiteElo "2757"]
[BlackElo "2648"]
[PlyCount "77"]
[EventDate "2013.04.07"]
[EventType "team-swiss"]
[EventRounds "7"]
[EventCountry "RUS"]
[SourceTitle "CBM 154"]
[Source "ChessBase"]
[SourceDate "2013.05.15"]
[SourceVersion "1"]
[SourceVersionDate "2013.05.15"]
[SourceQuality "1"]
[WhiteTeam "Economist SGSEU"]
[BlackTeam "Politekhnik"]
[WhiteTeamCountry "RUS"]
[BlackTeamCountry "RUS"]

1. c4 g6 2. g3 c5 3. Bg2 Bg7 4. Nc3 Nc6 5. a3 d6 6. Rb1 Nh6 7. e3 Nf5 8. Nge2
Rb8 9. d3 O-O 10. O-O Qe8 11. b4 b6 12. b5 Na5 13. Bd2 e6 14. a4 Qd8 15. Nf4
Bb7 16. Bh3 Ne7 17. Qc2 Ba8 18. e4 Bb7 19. Nce2 a6 20. Bc3 axb5 21. Nxe6 fxe6
22. Bxe6+ Rf7 23. axb5 Qf8 24. Nf4 Bc8 25. Bxf7+ Qxf7 26. Rfe1 g5 27. Nd5 Ng6
28. Bxg7 Qxg7 29. f4 gxf4 30. gxf4 Nxf4+ 31. Kh1 Ng6 32. Rg1 Be6 33. Nf4 Bf7
34. Rbf1 Qe5 35. h4 Kh8 36. Rg5 Qd4 37. Nxg6+ Bxg6 38. h5 Nxc4 39. hxg6 1-0

[Event "Beijing Sportaccord rap"]
[Site "Beijing"]
[Date "2013.12.13"]
[Round "7"]
[White "Mamedyarov, Shakhriyar"]
[Black "Karjakin, Sergey"]
[Result "1-0"]
[WhiteElo "2757"]
[BlackElo "2756"]
[PlyCount "61"]
[EventDate "2013.12.12"]
[EventType "swiss (rapid)"]
[EventRounds "7"]
[EventCountry "CHN"]
[SourceTitle "CBM 158"]
[Source "ChessBase"]
[SourceDate "2014.01.16"]
[SourceVersion "1"]
[SourceVersionDate "2014.01.16"]
[SourceQuality "1"]

1. d4 Nf6 2. c4 g6 3. Nc3 d5 4. Nf3 Bg7 5. h4 c6 6. Bg5 Ne4 7. e3 Nxg5 8. hxg5
e6 9. e4 dxe4 10. Nxe4 Qa5+ 11. Qd2 Qxd2+ 12. Kxd2 Nd7 13. c5 h5 14. b4 O-O 15.
Bc4 Rd8 16. Ke3 e5 17. Nd6 exd4+ 18. Kf4 Nf8 19. Bxf7+ Kh7 20. Rae1 a5 21. Nh2
axb4 22. g4 Rxd6 23. cxd6 Ra5 24. Re7 d3 25. gxh5 gxh5 26. Nf3 Bg4 27. Nh4 Rxg5
28. f3 Bf6 29. fxg4 Rxg4+ 30. Kf5 Rxh4 31. Kxf6 1-0

[Event "FIDE World Cup-A"]
[Site "Shenyang"]
[Date "2000.09.05"]
[Round "5"]
[White "Morozevich, Alexander"]
[Black "Milos, Gilberto"]
[Result "0-1"]
[WhiteElo "2756"]
[BlackElo "2633"]
[Annotator "Finkel,A"]
[PlyCount "76"]
[EventDate "2000.09.01"]
[EventType "tourn"]
[EventRounds "5"]
[EventCountry "CHN"]
[EventCategory "17"]
[SourceTitle "CBM 079"]
[Source "ChessBase"]
[SourceDate "2000.11.21"]
[SourceVersion "1"]
[SourceVersionDate "2000.11.21"]
[SourceQuality "1"]

1. e4 {Ftacnik.} c5 2. Nf3 Nc6 3. Bb5 e6 4. O-O Nge7 5. Re1 Nd4 6. Nxd4 cxd4 7.
d3 (7. c3 a6 8. Bf1 Nc6 9. a4 $6 Be7 10. Na3 O-O 11. Nc2 d5 12. e5 f6 $1 $15 {
Szmetan-Milos/Buenos Aires/1996}) 7... g6 (7... a6 8. Ba4 Nc6 9. Nd2 Be7 (9...
b5 10. Bb3 g6 $5 11. Nf3 $6 (11. f4 Bg7 12. Nf3 O-O 13. Qe2 a5 14. a3 Bb7 15.
Qf2 $13) 11... Bg7 12. Bg5 Qc7 13. Rc1 O-O 14. Qd2 a5 $1 15. a4 $2 (15. a3 $142
) 15... b4 $15 {Glek,I-Milov,V/Biel SKA 1996}) 10. Qh5 g6 11. Qe2 b5 12. Bb3
Bb7 13. Nf3 Bf6 14. Bh6 d6 15. Qd2 a5 16. c3 $14 {Morozevich,A-Milov,V/Tilburg
1994}) (7... Nc6 8. Nd2 Be7 (8... a6 9. Bxc6 dxc6 10. e5 c5 11. Qg4 Bd7 12. Ne4
Bc6 13. Nd6+ Bxd6 14. Qxg7 Kd7 15. exd6 Qg8 $15 {Peptan,C-Shumiakina,T/EUCup99
(women) 1999}) 9. e5 O-O 10. Bxc6 dxc6 11. Qg4 Kh8 12. Ne4 f5 13. exf6 gxf6 14.
Qh5 Qe8 $15 {Belkhodja,S-Vaisser,A/Masters KO 2000}) 8. Ba4 (8. c3 Nc6 9. Bxc6
dxc6 10. cxd4 Bg7 11. Nd2 Qxd4 12. Nf3 Qb6 13. Qa4 O-O 14. e5 Bd7 15. Bg5 h6
16. Be7 Rfe8 17. Qa3 Qb5 18. Re4 b6 19. Rb4 {1/2-1/2 Brodsky,M-Fominyh,A/
RUS-chT 1997}) 8... Bg7 9. Nd2 (9. c3 {Ftacnik} O-O 10. Bg5 $14) 9... O-O 10.
f4 d6 (10... d5 $6 {Ftacnik} 11. e5 $14) 11. Nf3 Bd7 12. Bb3 {Nothing promises}
(12. Bxd7 Qxd7 13. Bd2 Rac8 {'=' Ftacnik.} 14. Rc1 Rc7 15. c3 dxc3 16. bxc3 f5
$13 {and black has very comfortable position,but also the move in the game
doesn't bring white the desirable advantage.}) 12... a5 13. a4 (13. a3 {Ftacnik
} Qc7 14. Bd2 $11) 13... b5 $5 14. axb5 (14. Bd2 b4 (14... bxa4 15. Bxa4 Bxa4
16. Rxa4 Qb6 17. Qa1 Nc6 18. b4 $16) 15. Qe2 Rc8 16. Qf2 $14) (14. Ng5 {Ftacnik
} h6 15. Nf3 b4 $11) 14... Bxb5 15. f5 $5 {It's hard to come up with something
else. '?!' Ftacnik.} (15. Ba4 {Ftacnik} Ba6 16. Qe2 $14) 15... gxf5 (15... exf5
{Ftacnik} 16. Bg5 Kh8 17. exf5 f6 18. Bd2 Nxf5 19. Be6 Ne3 20. Bxe3 dxe3 21.
Rxe3 $11) 16. Ng5 (16. exf5 {Ftacnik} Nxf5 17. Ng5 Qf6 18. Ne4 Qg6 $17) 16...
h6 (16... fxe4 $2 {Ftacnik} 17. Qh5 h6 18. Nxf7 $1 (18. Nxe6 $6 fxe6 19. Bxe6+
Kh8 20. Qxb5 e3 $13) 18... Rxf7 19. Bxe6 Be8 20. Rf1 $18) 17. exf5 (17. Nxf7 {
Ftacnik} Kxf7 18. Qh5+ Kg8 (18... Kf6 $2 19. exf5 $18) 19. Bxe6+ Kh7 20. exf5
Be8 21. Qh3 Nc6 $15) 17... Nxf5 (17... hxg5 $2 {Ftacnik} 18. Bxg5 Re8 19. Qh5
$40) 18. Nxf7 $1 {The point of 15th move of white.} (18. Nh3 a4 19. Ba2 d5 20.
Qh5 Qh4 $17) (18. Bxe6 {Ftacnik} fxe6 19. Nxe6 Qb6 20. Nxf8 Rxf8 21. Qg4 Ne3
$15) (18. Ne4 {Ftacnik} d5 $17) 18... Rxf7 (18... Qf6 {Ftacnik} 19. Rxe6 Qxf7
20. Rf6 Bxf6 21. Bxf7+ Rxf7 22. Qh5 $14) 19. Bxe6 Qf6 {'!' Ftacnik.} (19... Be8
{Ftacnik} 20. Qg4 Ne3 21. Bxe3 dxe3 22. Rxe3 Qb6 23. Rae1 Qxb2 24. Bd5 Qd4 25.
Qxd4 Bxd4 26. Bxa8 $14) 20. Qf3 (20. Qh5 {Ftacnik} Raa7 21. Bd2 a4 $15) 20...
Raa7 21. Bxf7+ (21. Bd2 {Ftacnik} a4 22. Qd5 Bd7 23. Bxf7+ Qxf7 24. Qxf7+ Kxf7
$15) 21... Qxf7 22. Rf1 ({Deserved attention} 22. b3 $5 {leaving black pawn on
a5.}) 22... Bd7 23. Bd2 ({Sooner or later white has to change the queens.It
was a right moment now.} 23. g4 Qg6 24. Qe4 Nh4 25. Qxg6 Nxg6 26. h3 {'='
Ftacnik.} a4 $13) 23... a4 24. c4 (24. Ra3 {Ftacnik} Rc7 25. c4 dxc3 26. bxc3
d5 27. g4 Bf8 28. Raa1 Nd6 $15) 24... Qg6 (24... dxc3 {Ftacnik} 25. Bxc3 Bxc3
26. bxc3 a3 27. Rf2 $132) 25. Qe4 Kh7 26. b4 $6 (26. g4 {Ftacnik} Ne3 $17)
26... Bc8 $1 27. h3 (27. g4 Re7 28. Qf3 Ne3 $17 {'-+' Ftacnik.}) 27... h5 $1
28. Rae1 Rf7 $5 {Now white finds himself under strong attack and the material
osses are inevitable.} (28... Re7 29. Qf4 Rxe1 30. Rxe1 Bh6 31. Qf2 Be3 32.
Bxe3 dxe3 $17) 29. Rf2 (29. Qe8 {Ftacnik} Nh4 30. Rf2 Rxf2 31. Qxg6+ Nxg6 32.
Kxf2 Ne5 $17) 29... Be5 30. Qa8 {'?' Ftacnik.} (30. Ref1 $5 {Ftacnik} a3 (30...
Bb7 $2 31. Rxf5 $1 Bxe4 32. Rxf7+ $16) 31. Bc1 Qg3 32. Bf4 Bxf4 33. Qxf4 Qxd3
$17) 30... Bb7 (30... Qg3 $5 {Ftacnik} 31. Rxe5 dxe5 32. Qxc8 (32. Qxa4 Qxd3
$19) 32... Qxf2+ 33. Kxf2 Nd6+ $19) 31. Qe8 (31. Qxa4 {Ftacnik} Bg3 32. Ree2
Bxf2+ 33. Rxf2 Ng7 34. Re2 Qxd3 $19) 31... Bg3 $19 32. Ref1 Bxf2+ 33. Rxf2 Rg7
34. Qxg6+ Kxg6 35. Bf4 h4 36. b5 Kf6 37. Kh2 Ke6 38. Re2+ Kd7 0-1

[Event "Wch Blitz 2nd"]
[Site "Moscow"]
[Date "2007.11.22"]
[Round "36"]
[White "Leko, Peter"]
[Black "Carlsen, Magnus"]
[Result "1/2-1/2"]
[WhiteElo "2755"]
[BlackElo "2714"]
[PlyCount "73"]
[EventDate "2007.11.21"]
[EventType "tourn (blitz)"]
[EventRounds "38"]
[EventCountry "RUS"]
[EventCategory "19"]
[SourceTitle "EXT 2008"]
[Source "ChessBase"]
[SourceDate "2007.11.25"]
[SourceVersion "1"]
[SourceVersionDate "2007.11.25"]
[SourceQuality "1"]

1. e4 e5 2. Nf3 Nc6 3. Bb5 a6 4. Ba4 Nf6 5. O-O Nxe4 6. d4 b5 7. Bb3 d5 8. dxe5
Be6 9. Qe2 Be7 10. Rd1 O-O 11. c4 bxc4 12. Bxc4 Qd7 13. Nc3 Nxc3 14. bxc3 f6
15. Bf4 fxe5 16. Nxe5 Nxe5 17. Bxe5 c6 18. Bb3 a5 19. Re1 Bf6 20. Bxf6 Rxf6 21.
Rad1 a4 22. Bc2 Bf7 23. Rb1 a3 24. h3 d4 25. Qd3 Bg6 26. Qc4+ Bf7 27. Qd3 Bg6
28. Qc4+ Qf7 29. Qxf7+ Bxf7 30. Bb3 dxc3 31. Bxf7+ Rxf7 32. Rb3 Rd7 33. Rxc3
Rd2 34. Rxc6 Rxa2 35. Rc7 Rb2 36. Ree7 a2 37. Rxg7+ 1/2-1/2

[Event "China Elite Mind blitz"]
[Site "Huaian"]
[Date "2016.02.28"]
[Round "8"]
[White "Harikrishna, Pentala"]
[Black "Wang, Yue"]
[Result "1-0"]
[WhiteElo "2753"]
[BlackElo "2718"]
[PlyCount "65"]
[EventDate "2016.02.28"]
[EventType "tourn (blitz)"]
[EventRounds "30"]
[EventCountry "CHN"]
[EventCategory "19"]
[SourceTitle "CBM 171 Extra"]
[Source "ChessBase"]
[SourceDate "2016.04.26"]
[SourceVersion "1"]
[SourceVersionDate "2016.04.26"]
[SourceQuality "1"]

1. e4 c5 2. Nf3 Nc6 3. d4 cxd4 4. Nxd4 e6 5. Nc3 Qc7 6. Be2 a6 7. O-O b5 8.
Nxc6 dxc6 9. a4 b4 10. Nb1 Nf6 11. Bd3 e5 12. Nd2 a5 13. Qf3 Be7 14. Nc4 O-O
15. Qg3 Nd7 16. Be3 Re8 17. Rad1 Bf8 18. f4 Ba6 19. fxe5 Bxc4 20. Bxc4 Nxe5 21.
Bxf7+ Qxf7 22. Rxf7 Nxf7 23. Rd7 Ne5 24. Rb7 Rad8 25. h3 Ng6 26. Qf3 Ne5 27.
Qe2 Kh8 28. Bf4 Ng6 29. Bg3 Rd4 30. e5 Rd5 31. e6 h5 32. Rd7 Rxd7 33. Qxh5+ 1-0

[Event "Wch Rapid"]
[Site "Khanty-Mansiysk"]
[Date "2013.06.08"]
[Round "15"]
[White "Mamedyarov, Shakhriyar"]
[Black "Inarkiev, Ernesto"]
[Result "1-0"]
[WhiteElo "2753"]
[BlackElo "2680"]
[Annotator "Grivas,E"]
[PlyCount "95"]
[EventDate "2013.06.06"]
[EventType "swiss (rapid)"]
[EventRounds "15"]
[EventCountry "RUS"]
[SourceTitle "CBM 154 Extra"]
[Source "ChessBase"]
[SourceDate "2013.06.25"]
[SourceVersion "2"]
[SourceVersionDate "2013.06.25"]
[SourceQuality "1"]
[WhiteClock "0:00:11"]
[BlackClock "0:01:32"]

1. d4 d5 2. c4 e6 3. Nc3 a6 4. cxd5 exd5 5. Bf4 Nf6 6. e3 Bd6 7. Qf3 c5 $5 ({
A novelty.} 7... Be6 8. Bd3 c5 9. Bxd6 Qxd6 10. dxc5 Qxc5 11. Qf4 Nc6 12. Nge2
Rd8 13. Rd1 O-O 14. O-O $14 {was seen in Shomoev,A-Inarkiev,E Vladivostok 2012.
Inarkiev decided to play ...c5 directly.}) 8. dxc5 Bxc5 9. Bg5 Nbd7 10. O-O-O {
A risky continuation, but White needed to complicate matters...} Qa5 $6 (10...
Be7 $5 11. Nge2 Nb6 12. h3 O-O $13 {was interesting and preferable!}) 11. Nge2
$6 ({White could win the central pawn:} 11. Nxd5 $1 Nxd5 12. Qxd5 O-O 13. Be7
Re8 14. Bd6 $14 {.}) 11... O-O 12. Nd4 Bb4 13. Nb3 Qc7 14. Qf4 $6 (14. Bf4 Qc6
15. Nd4 Qc5 16. Nb3 {was equal, but as said, White had to win at any cost!})
14... Qxf4 $2 ({The worst contiuation. The position was screaming for the
obvious} 14... Bd6 $1 {A sample continuation could be} 15. Qh4 Ne4 (15... Be5
16. Bf4 (16. Kb1 Bxc3 17. Rc1 Ne4 18. Bd3 Nxg5 19. Qxg5 h6 20. Qe7 Qe5 21. Qa3
Bxb2 22. Qxb2 Qd6 $17) 16... Bxf4 17. Qxf4 Qxf4 18. exf4 Nb6 19. f3 $11) 16.
Bd3 Ba3 $1 17. Kb1 Nxc3+ 18. bxc3 h6 19. Be7 Bxe7 20. Qxe7 Qxc3 $17 {.}) 15.
Bxf4 Bxc3 16. bxc3 Ne4 17. Rxd5 Nxf2 18. Rg1 Nf6 19. Rd4 {White enjoys the
advantageof the bishop pair and Black of the better pawn structure. The
position is balanced but a bit more easy for White in the coming middlegame/
endgame. I think that this is the kind of position that White wanted to have
in this critical game.} Bd7 20. Be2 Rac8 21. Kb2 Rfe8 22. h3 h6 23. Rf1 N2e4
24. c4 Ng5 $2 ({Black blunders in no time! He should have gone for} 24... b6 {
with a balanced position.}) 25. Bxg5 hxg5 26. Rxf6 $1 gxf6 27. Rxd7 Rxe3 28.
Bh5 $1 {Black is plain lost. White's advantage of the two minor pieces vs rook
is decisive.} b5 29. c5 (29. cxb5 axb5 30. Nd4 {was another winning
continuation.}) 29... a5 30. Bxf7+ Kf8 31. Bg6 $2 {But Black played instantly:}
({White makes his life difficult. The simple} 31. Bd5 a4 32. Bb7 Rce8 33. Nd4
a3+ 34. Kc2 {was curtains.}) 31... a4 $2 ({He should have tried} 31... Re2+ 32.
Bc2 Rxg2 33. Ra7 $16 {, when White still would have to work hard...}) 32. Nd4
Rxc5 ({Or} 32... a3+ 33. Kc2 Rxc5+ 34. Kd2 Ree5 35. Bf7 $1 Re7 36. Ne6+ $18 {.}
) 33. Rd8+ Kg7 34. Nf5+ Kxg6 (34... Rxf5 35. Bxf5 Re2+ 36. Ka3 Rxg2 37. Rd7+
Kf8 38. Rb7 $18 {.}) 35. Nxe3 {And now White with an extra piece has no
problem to cash in the point.} b4 36. Rd3 Re5 37. g4 Re4 38. Nc2 Re2 39. Kc1 f5
40. Rd6+ Kf7 41. gxf5 b3 42. axb3 axb3 43. Nd4 Re3 44. Nc6 Kf8 45. f6 Kf7 46.
Nd8+ Kf8 47. f7 Rf3 48. Re6 {And Black resigned, making Mamedyarov the new
FIDE Rapid World Champion!} 1-0

[Event "Wch Blitz 7th"]
[Site "Khanty-Mansiysk"]
[Date "2013.06.10"]
[Round "23"]
[White "Mamedyarov, Shakhriyar"]
[Black "Movsesian, Sergei"]
[Result "1-0"]
[WhiteElo "2753"]
[BlackElo "2699"]
[PlyCount "61"]
[EventDate "2013.06.09"]
[EventType "swiss (blitz)"]
[EventRounds "30"]
[EventCountry "RUS"]
[SourceTitle "CBM 154 Extra"]
[Source "ChessBase"]
[SourceDate "2013.06.25"]
[SourceVersion "2"]
[SourceVersionDate "2013.06.25"]
[SourceQuality "1"]

1. d4 Nf6 2. c4 g6 3. Nc3 Bg7 4. Nf3 O-O 5. Bg5 c5 6. d5 h6 7. Bh4 e6 8. e4 d6
9. Nd2 exd5 10. cxd5 Re8 11. Be2 Na6 12. O-O Nc7 13. Qc2 Bd7 14. a4 Na6 15.
Rae1 Nb4 16. Qd1 a6 17. f4 b5 18. axb5 axb5 19. Nxb5 Qb8 20. Nc3 Nh7 21. Kh1
Na2 22. Nxa2 Rxa2 23. Nc4 Qc7 24. e5 dxe5 25. fxe5 Bxe5 26. d6 Qb8 27. Nxe5
Rxe5 28. Bc4 Rxe1 29. Bxf7+ Kg7 30. Qxe1 Qxb2 31. Bxa2 1-0

[Event "51st Biel GM 2018"]
[Site "Biel SUI"]
[Date "2018.07.23"]
[Round "2.3"]
[White "Svidler, P."]
[Black "Georgiadis, N."]
[Result "1-0"]
[WhiteElo "2753"]
[BlackElo "2526"]
[PlyCount "111"]
[EventDate "2018.07.22"]
[EventType "tourn"]
[EventRounds "10"]
[EventCountry "SUI"]
[EventCategory "20"]
[SourceTitle "The Week in Chess 1237"]
[Source "Mark Crowther"]
[SourceDate "2018.07.23"]
[SourceVersion "1"]
[SourceVersionDate "2018.07.23"]
[SourceQuality "2"]

1. e4 c5 2. Nf3 d6 3. Bb5+ Nd7 4. O-O a6 5. Bd3 Ngf6 6. Re1 e6 7. a4 b6 8. c3
Bb7 9. Qe2 Qc7 10. Na3 Be7 11. Bc2 Rc8 12. d3 O-O 13. Bd2 Rfe8 14. Rac1 e5 15.
Bb3 d5 16. exd5 Nxd5 17. Qe4 Nxc3 18. Bxf7+ Kxf7 19. Qf5+ Kg8 20. Bxc3 Bf6 21.
Nc4 Qc6 22. Ncxe5 Nxe5 23. Bxe5 Qd5 24. Re3 Bxe5 25. Rxe5 Rxe5 26. Qxe5 Qxd3
27. Qe6+ Kh8 28. Re1 h6 29. h3 b5 30. Ne5 Qd5 31. Qg4 Kh7 32. Qg6+ Kg8 33. f3
Qd2 34. Qf7+ Kh7 35. Kf1 Qd5 36. Qg6+ Kg8 37. Ng4 Qg5 38. Qb6 Qd5 39. Nxh6+ Kh7
40. Ng4 Rf8 41. Kg1 Qd4+ 42. Kh1 Bxf3 43. gxf3 Rxf3 44. Qe6 Qd3 45. Ne3 bxa4
46. Kg2 Rf6 47. Qd5 Qg6+ 48. Kh1 Rf2 49. Rg1 Qh6 50. Rg3 Qf6 51. Qd3+ Kh8 52.
Ng4 Qc6+ 53. Kg1 Rxb2 54. Qd8+ Kh7 55. Qh4+ Kg8 56. Nh6+ 1-0

[Event "Tata Steel India Blitz"]
[Site "Kolkata IND"]
[Date "2018.11.14"]
[Round "11.4"]
[White "Karjakin, Sergey"]
[Black "Ganguly, S."]
[Result "1/2-1/2"]
[WhiteElo "2753"]
[BlackElo "2615"]
[PlyCount "99"]
[EventDate "2018.11.13"]
[EventType "tourn (blitz)"]
[EventRounds "18"]
[EventCountry "IND"]
[EventCategory "19"]
[SourceTitle "The Week in Chess 1254"]
[Source "Mark Crowther"]
[SourceDate "2018.11.19"]
[SourceVersion "2"]
[SourceVersionDate "2018.11.26"]
[SourceQuality "2"]

1. Nf3 d5 2. e3 Nf6 3. c4 e6 4. b3 b6 5. Bb2 Bb7 6. cxd5 exd5 7. Nc3 Nbd7 8. d4
Bd6 9. Bd3 O-O 10. O-O a6 11. Rc1 Qe7 12. Rc2 Ne4 13. Qc1 Rac8 14. Nb1 f5 15.
Ba3 c5 16. g3 Qf7 17. Nc3 Nxc3 18. Rxc3 cxd4 19. Bxd6 Rxc3 20. Qd2 Nc5 21. Bb1
Rc8 22. Qxd4 Ne4 23. Ba3 Qe6 24. Bb2 R3c7 25. a4 h6 26. h4 Nc3 27. Bd3 Ne4 28.
b4 Nc3 29. Ra1 b5 30. axb5 Nxb5 31. Qf4 d4 32. Bxf5 Qc6 33. e4 Rf8 34. Nxd4
Nxd4 35. Bxd4 Rcf7 36. g4 Qc4 37. Bc5 Rd8 38. Rc1 Qe2 39. Be6 Rdd7 40. Be3 Rde7
41. Bb3 Qb2 42. Bxf7+ Rxf7 43. Qd6 Rxf2 44. Qe6+ Kh7 45. Bxf2 Qxc1+ 46. Kg2 Qf4
47. Qf5+ Qxf5 48. gxf5 Bxe4+ 49. Kg3 Bxf5 50. Bd4 1/2-1/2

[Event "Pepe Cuenca Invitational"]
[Site "chess24.com INT"]
[Date "2020.04.16"]
[Round "3.1"]
[White "Duda, J."]
[Black "Svidler, P."]
[Result "0-1"]
[WhiteElo "2753"]
[BlackElo "2723"]
[PlyCount "122"]
[EventDate "2020.04.12"]
[EventType "k.o. (blitz)"]
[EventRounds "3"]
[SourceTitle "The Week in Chess 1328"]
[Source "Mark Crowther"]
[SourceDate "2020.04.20"]
[SourceVersion "1"]
[SourceVersionDate "2020.04.20"]
[SourceQuality "2"]

1. e4 e5 2. Nf3 Nc6 3. Bc4 Bc5 4. c3 Nf6 5. d3 d6 6. Bb3 a6 7. Nbd2 O-O 8. Nf1
d5 9. exd5 Nxd5 10. Ng3 f6 11. O-O Be6 12. Ne4 Be7 13. d4 exd4 14. Nxd4 Nxd4
15. Qxd4 Bf7 16. Re1 Re8 17. Bd2 Qd7 18. Rad1 Rad8 19. Bc1 Qc6 20. Qd3 Nb6 21.
Bxf7+ Kxf7 22. Qf3 Kg8 23. h4 Rxd1 24. Rxd1 Bf8 25. Re1 Nc4 26. Re2 Nd6 27. Ng3
Qxf3 28. gxf3 Rxe2 29. Nxe2 Nf5 30. h5 Kf7 31. Ng3 Ke6 32. Kf1 Bd6 33. Ne4 Ne7
34. Ke2 Nd5 35. Nxd6 Kxd6 36. c4 Ne7 37. Bf4+ Kd7 38. Kd3 g6 39. hxg6 Nxg6 40.
Bg3 c6 41. f4 Ke6 42. Ke4 f5+ 43. Ke3 h5 44. b3 h4 45. Bh2 Kd6 46. Kd4 c5+ 47.
Ke3 b5 48. f3 bxc4 49. bxc4 Kc6 50. Kd3 Nf8 51. Bg1 Ne6 52. Ke3 Nd4 53. Bf2
Nc2+ 54. Kd2 Nd4 55. Ke3 h3 56. Bg1 Kb6 57. Kf2 Ka5 58. Bh2 Kb4 59. Kg3 Kxc4
60. Kxh3 Kd3 61. Bg1 c4 0-1

[Event "GCT Blitz Paris 2021"]
[Site "Paris FRA"]
[Date "2021.06.22"]
[Round "10.4"]
[White "Kramnik, V."]
[Black "Vachier Lagrave, M."]
[Result "0-1"]
[WhiteElo "2753"]
[BlackElo "2760"]
[PlyCount "72"]
[EventDate "2021.06.21"]
[EventType "tourn (blitz)"]
[EventRounds "18"]
[EventCountry "FRA"]
[EventCategory "21"]
[SourceTitle "The Week in Chess 1390"]
[Source "Mark Crowther"]
[SourceDate "2021.06.28"]
[SourceVersion "2"]
[SourceVersionDate "2021.06.28"]
[SourceQuality "2"]

1. e4 c5 2. Nf3 d6 3. d4 cxd4 4. Nxd4 Nf6 5. Nc3 a6 6. Bc4 e6 7. Be3 Be7 8. Bb3
b5 9. a3 O-O 10. f3 Bb7 11. Qe2 Nc6 12. O-O-O Rc8 13. Kb1 Nxd4 14. Bxd4 Qa5 15.
Qe1 Qc7 16. h4 Bc6 17. h5 a5 18. e5 dxe5 19. Bxe5 Qb7 20. Ne2 Nd7 21. Bd4 e5
22. Ng3 a4 23. Nf5 Bf6 24. Bxf7+ Rxf7 25. Bc3 Be7 26. Nxe7+ Rxe7 27. h6 g6 28.
Rd6 Nb6 29. Qg3 Be8 30. Rhd1 Nc4 31. Rd8 Nxa3+ 32. Kc1 b4 33. Rxc8 Qxc8 34. Qg5
bxc3 35. Qxe7 cxb2+ 36. Kd2 Qd7+ 0-1